[Event "Titled Tuesday intern op 12th Mar Early"]
[Site "Chess.com INT"]
[Date "2024.03.12"]
[Round "3"]
[White "Dehtiarov, Roman"]
[Black "Taher, Yoseph Theolifus"]
[Result "0-1"]
[WhiteElo "2319"]
[BlackElo "2445"]
[PlyCount "98"]
[EventDate "2024.03.12"]
[EventType "swiss (blitz)"]
[EventRounds "11"]
[EventCountry "USA"]
[SourceTitle "CB12_2024"]
[SourceDate "2023.10.01"]
[SourceVersion "1"]
[SourceVersionDate "2023.10.01"]
[SourceQuality "1"]

1. e4 c5 2. Nc3 g6 3. f4 Bg7 4. Nf3 Nc6 5. Bb5 Nd4 6. 0-0 e6 7. e5 a6 8. Bd3 Nxf3+ 9. Qxf3 d5 10. exd6 Qxd6 11. Ne4 Qc7 12. c3 Rb8 13. Bc2 Ne7 14. d3 0-0 15. Be3 b6 16. Qf2 Bb7 17. Rad1 Nd5 18. Bc1 Rbd8 19. Rfe1 a5 20. Ng5 Ne7 21. Nf3 b5 22. Be3 Rc8 23. d4 cxd4 24. Bxd4 Qxf4 25. Bxg7 Kxg7 26. Rd7 Rc7 27. g3 Qc4 28. Bd3 Rxd7 29. Bxc4 bxc4 30. Ne5 Rd5 31. Nxc4 Rfd8 32. Ne5 Nf5 33. Nc4 Ba6 34. Ne3 Rd2 35. Nxf5+ gxf5 36. Qe3 h6 37. Qe5+ Kg6 38. g4 fxg4 39. Qe4+ Kg7 40. Qxg4+ Kh8 41. Qf4 Kg7 42. h3 Bb7 43. Qe5+ Kh7 44. Re2 Rd1+ 45. Kf2 Rg8 46. Ke3 Bd5 47. Qc7 Rg7 48. Rf2 f5 49. Kf4 Rxc7 0-1

[Event "Titled Tuesday intern op 12th Mar Early"]
[Site "Chess.com INT"]
[Date "2024.03.12"]
[Round "11"]
[White "Giri, Anish"]
[Black "Taher, Yoseph Theolifus"]
[Result "0-1"]
[WhiteElo "2762"]
[BlackElo "2445"]
[PlyCount "84"]
[EventDate "2024.03.12"]
[EventType "swiss (blitz)"]
[EventRounds "11"]
[EventCountry "USA"]
[SourceTitle "CB12_2024"]
[SourceDate "2023.10.01"]
[SourceVersion "1"]
[SourceVersionDate "2023.10.01"]
[SourceQuality "1"]

1. d4 Nf6 2. c4 c5 3. d5 b5 4. cxb5 a6 5. e3 g6 6. Nc3 axb5 7. Bxb5 Bg7 8. Nf3 0-0 9. 0-0 d6 10. a4 Qb6 11. e4 Na6 12. Bg5 Nc7 13. h3 Ba6 14. Qe2 Rfb8 15. Nd2 h6 16. Nc4 Qa7 17. Bd2 Bxb5 18. axb5 Qxa1 19. Rxa1 Rxa1+ 20. Kh2 Nxb5 21. Nxb5 Rxb5 22. Nxd6 Rxb2 23. Nc4 Rc2 24. Qd3 Raa2 25. e5 Nd7 26. f4 Nb6 27. Nxb6 Rxd2 28. Qf3 g5 29. d6 exd6 30. exd6 Rxd6 31. Nc4 Rd4 32. Qb3 Ra8 33. fxg5 hxg5 34. Qb5 Bf8 35. Qc6 Ra2 36. Ne3 Bd6+ 37. Kg1 Kh7 38. Qe8 Rf4 39. g3 Rf6 40. Qe4+ Kg8 41. Qe8+ Bf8 42. Ng4 Re6 0-1

[Event "Titled Tuesday intern op 12th Mar Early"]
[Site "Chess.com INT"]
[Date "2024.03.12"]
[Round "8"]
[White "Niemann, Hans Moke"]
[Black "Taher, Yoseph Theolifus"]
[Result "1-0"]
[WhiteElo "2676"]
[BlackElo "2445"]
[PlyCount "93"]
[EventDate "2024.03.12"]
[EventType "swiss (blitz)"]
[EventRounds "11"]
[EventCountry "USA"]
[SourceTitle "CB12_2024"]
[SourceDate "2023.10.01"]
[SourceVersion "1"]
[SourceVersionDate "2023.10.01"]
[SourceQuality "1"]

1. e4 c5 2. Nf3 g6 3. c3 Nf6 4. e5 Nd5 5. d4 cxd4 6. Qxd4 Nc7 7. Bc4 Bg7 8. Qh4 h6 9. 0-0 Ne6 10. Rd1 Qc7 11. Na3 a6 12. Be3 b5 13. Bd5 Nc6 14. c4 b4 15. Nc2 Rb8 16. b3 Nxe5 17. Nxe5 Bxe5 18. Rac1 g5 19. Qe4 Bxh2+ 20. Kf1 Bf4 21. g3 Bxe3 22. Nxe3 Nc5 23. Qd4 f6 24. Nf5 d6 25. Nxe7 Bh3+ 26. Kg1 Qxe7 27. Re1 Be6 28. Bxe6 Nxe6 29. Qd5 Kf7 30. Re3 Rhe8 31. Rce1 Qd7 32. f4 gxf4 33. gxf4 Rg8+ 34. Kf2 Rbe8 35. f5 Qa7 36. fxe6+ Ke7 37. Rd1 Rd8 38. Qf5 Rg7 39. Rd5 Rc8 40. Qf4 Qb6 41. Ke2 Rg5 42. Rxg5 hxg5 43. Qh2 Qc6 44. Qh7+ Kd8 45. e7+ Ke8 46. Qg8+ Kd7 47. e8Q+ 1-0

[Event "Titled Tuesday intern op 12th Mar Early"]
[Site "Chess.com INT"]
[Date "2024.03.12"]
[Round "10"]
[White "Taher, Yoseph Theolifus"]
[Black "Deac, Bogdan Daniel"]
[Result "1-0"]
[WhiteElo "2445"]
[BlackElo "2690"]
[PlyCount "91"]
[EventDate "2024.03.12"]
[EventType "swiss (blitz)"]
[EventRounds "11"]
[EventCountry "USA"]
[SourceTitle "CB12_2024"]
[SourceDate "2023.10.01"]
[SourceVersion "1"]
[SourceVersionDate "2023.10.01"]
[SourceQuality "1"]

1. e4 e5 2. Nc3 Nf6 3. g3 d5 4. exd5 Nxd5 5. Bg2 Ne7 6. d3 Nbc6 7. Nge2 g6 8. 0-0 Bg7 9. Bd2 0-0 10. Re1 Nf5 11. Ne4 a5 12. a3 a4 13. h3 Nfe7 14. Kh2 h6 15. N4c3 Ra6 16. Be3 Nd4 17. Qd2 Nef5 18. Ne4 Nxe3 19. fxe3 Ne6 20. Rad1 f5 21. N4c3 c6 22. d4 e4 23. d5 cxd5 24. Nxd5 Nc7 25. Nef4 Nxd5 26. Nxd5 Be6 27. c4 Kh7 28. Qb4 Qc8 29. Rd2 Rc6 30. Ne7 Rxc4 31. Qd6 Qe8 32. Qxe6 Rc7 33. Qxg6+ Qxg6 34. Nxg6 Kxg6 35. g4 Be5+ 36. Kh1 fxg4 37. hxg4 Kg5 38. Bxe4 Rc4 39. Bf5 h5 40. Be6 Rc6 41. Bd5 Rh6 42. gxh5 Rxh5+ 43. Kg1 Rh3 44. Rg2+ Kh6 45. Be6 Rh4 46. Bg4 1-0

[Event "Titled Tuesday intern op 12th Mar Late"]
[Site "Chess.com INT"]
[Date "2024.03.12"]
[Round "1"]
[White "Taher, Yoseph Theolifus"]
[Black "Kavyev, Ruslan"]
[Result "1-0"]
[WhiteElo "2445"]
[BlackElo "2282"]
[PlyCount "81"]
[EventDate "2024.03.12"]
[EventType "swiss (blitz)"]
[EventRounds "11"]
[EventCountry "USA"]
[SourceTitle "CB12_2024"]
[SourceDate "2023.10.01"]
[SourceVersion "1"]
[SourceVersionDate "2023.10.01"]
[SourceQuality "1"]

1. d4 Nf6 2. Nc3 d5 3. Bf4 a6 4. e3 Nbd7 5. h3 c5 6. Nf3 e6 7. Bd3 Be7 8. a3 b5 9. 0-0 0-0 10. Re1 Bb7 11. Ne5 Rc8 12. Qf3 c4 13. Bf1 Ne4 14. Nxe4 dxe4 15. Qg3 Nxe5 16. Bxe5 f6 17. Bf4 Bd5 18. Be2 Qe8 19. a4 b4 20. a5 Qg6 21. Qh2 Rc6 22. c3 Rfc8 23. Kh1 Kh8 24. Ra4 b3 25. Raa1 Qe8 26. h4 Qd7 27. h5 Bd6 28. h6 g5 29. Bg3 Rg8 30. Rf1 Qc7 31. Bxd6 Qxd6 32. Qh3 Qc7 33. f3 Qd6 34. fxe4 Bxe4 35. Rxf6 Bf5 36. Qh2 Qd5 37. Rf1 Qxa5 38. R1xf5 exf5 39. Rxc6 Qd5 40. Bxc4 Qxc6 41. Qe5+ 1-0

[Event "Titled Tuesday intern op 12th Mar Late"]
[Site "Chess.com INT"]
[Date "2024.03.12"]
[Round "3"]
[White "Taher, Yoseph Theolifus"]
[Black "Wieczorek, Oskar"]
[Result "1/2-1/2"]
[WhiteElo "2445"]
[BlackElo "2491"]
[PlyCount "106"]
[EventDate "2024.03.12"]
[EventType "swiss (blitz)"]
[EventRounds "11"]
[EventCountry "USA"]
[SourceTitle "CB12_2024"]
[SourceDate "2023.10.01"]
[SourceVersion "1"]
[SourceVersionDate "2023.10.01"]
[SourceQuality "1"]

1. d4 c5 2. d5 Nf6 3. Nc3 d6 4. e4 a6 5. a4 g6 6. h3 Bg7 7. Nf3 0-0 8. Bd3 e6 9. dxe6 Bxe6 10. 0-0 d5 11. e5 Nfd7 12. Re1 Nc6 13. Bf4 Re8 14. Bf1 Nf8 15. Qd2 Qd7 16. Bh6 Rad8 17. Bxg7 Kxg7 18. Qf4 Qe7 19. Rad1 h6 20. h4 Nh7 21. Qg3 Nb4 22. Rd2 Bf5 23. h5 g5 24. Nh4 Be6 25. Nd1 d4 26. c3 dxc3 27. Rxd8 Rxd8 28. bxc3 Nc2 29. Ne3 Nxe3 30. Rxe3 Rd1 31. f4 Qd7 32. fxg5 Nxg5 33. Nf3 Bc4 34. Nxg5 Rxf1+ 35. Kh2 hxg5 36. Qxg5+ Kf8 37. h6 Qd1 38. Kg3 Be6 39. h7 Rh1 40. Qg8+ Ke7 41. h8Q Rxh8 42. Qxh8 Qg4+ 43. Kh2 Qf4+ 44. Rg3 Qxa4 45. Qf6+ Kd7 46. Rd3+ Kc6 47. Rd6+ Kb5 48. Rxe6 fxe6 49. Qxe6 Qh4+ 50. Kg1 Qe1+ 51. Kh2 Qh4+ 52. Kg1 Qe1+ 53. Kh2 Qh4+ 1/2-1/2

[Event "Titled Tuesday intern op 13th Feb Early"]
[Site "Chess.com INT"]
[Date "2024.02.13"]
[Round "8"]
[White "Nakamura, Hikaru"]
[Black "Taher, Yoseph Theolifus"]
[Result "1-0"]
[WhiteElo "2788"]
[BlackElo "2445"]
[PlyCount "139"]
[EventDate "2024.02.13"]
[EventType "swiss (blitz)"]
[EventRounds "11"]
[EventCountry "USA"]
[SourceTitle "CB08_2024"]
[SourceDate "2024.02.21"]
[SourceVersion "1"]
[SourceVersionDate "2024.02.21"]
[SourceQuality "1"]

1. e4 c6 2. d4 d5 3. exd5 cxd5 4. Bd3 Nc6 5. c3 Qc7 6. Ne2 Bg4 7. f3 Bh5 8. Nf4 Bg6 9. Nxd5 Qd6 10. Ne3 Nf6 11. Na3 e6 12. Nac4 Qc7 13. a4 Rd8 14. Qe2 Be7 15. 0-0 0-0 16. Bxg6 hxg6 17. Ng4 Nd5 18. g3 Rc8 19. Nce3 Rfd8 20. Nxd5 Rxd5 21. Bf4 Qb6 22. Kh1 Rcd8 23. Ne3 R5d7 24. Nc4 Qa6 25. Rfe1 Rc8 26. Ne5 Qxe2 27. Rxe2 Nxe5 28. Bxe5 a6 29. Bf4 Bd6 30. Bxd6 Rxd6 31. h4 Kf8 32. Kg2 Ke7 33. a5 Rd5 34. Ra3 Rb5 35. f4 Kd6 36. Kf2 f6 37. Ra4 g5 38. hxg5 fxg5 39. fxg5 Rf8+ 40. Kg2 Rff5 41. b4 Rxg5 42. Ra1 Rbf5 43. Rae1 Rg6 44. c4 Rfg5 45. Re3 Rg4 46. Rd3 Rf6 47. Ree3 Rg5 48. Re4 Rgf5 49. Rd2 Rg5 50. Rb2 Rfg6 51. Rb3 Rg4 52. Rxg4 Rxg4 53. Rd3 Re4 54. Kf3 Re1 55. d5 Rb1 56. c5+ Kd7 57. dxe6+ Kxe6 58. Rd6+ Kf5 59. Rb6 Rb3+ 60. Kg2 g5 61. Rxb7 Kg4 62. c6 Rb2+ 63. Kf1 Kxg3 64. c7 Rc2 65. b5 Kf3 66. Ke1 g4 67. Kd1 Rc3 68. b6 g3 69. Rb8 g2 70. Rg8 1-0

[Event "Titled Tuesday intern op 06th Feb Early"]
[Site "Chess.com INT"]
[Date "2024.02.06"]
[Round "7"]
[White "Caruana, Fabiano"]
[Black "Taher, Yoseph Theolifus"]
[Result "1-0"]
[WhiteElo "2804"]
[BlackElo "2445"]
[PlyCount "115"]
[EventDate "2024.02.06"]
[EventType "swiss (blitz)"]
[EventRounds "11"]
[EventCountry "USA"]
[SourceTitle "CB07_2024"]
[SourceDate "2024.02.14"]
[SourceVersion "1"]
[SourceVersionDate "2024.02.14"]
[SourceQuality "1"]

1. e4 c5 2. Nf3 g6 3. c3 Nf6 4. e5 Nd5 5. d4 cxd4 6. Qxd4 Nc7 7. Qh4 Ne6 8. Bc4 Nc6 9. 0-0 Bg7 10. Bxe6 dxe6 11. Bh6 Kf8 12. Nbd2 Qc7 13. Rfe1 b6 14. Ne4 Nxe5 15. Nxe5 Qxe5 16. Rad1 Ba6 17. Rd7 Re8 18. Rxa7 Bd3 19. h3 Bxe4 20. Rxe4 Qf5 21. Be3 h5 22. Rb4 Be5 23. Qe4 Qf6 24. Rxb6 h4 25. Rb5 Rh5 26. Raa5 Bc7 27. Rxh5 gxh5 28. Rxh5 Rd8 29. Bd4 e5 30. Bxe5 Rd1+ 31. Kh2 Bxe5+ 32. Qxe5 Qxe5+ 33. Rxe5 Rd2 34. Rb5 Rxf2 35. a4 Rf1 36. a5 Ra1 37. b4 f6 38. Rh5 e5 39. Rxh4 Kf7 40. c4 f5 41. c5 e4 42. Kg3 Ke6 43. Rh6+ Ke5 44. Rh8 f4+ 45. Kg4 e3 46. Re8+ Kd4 47. Kxf4 Rf1+ 48. Kg5 Kd3 49. c6 e2 50. b5 Rc1 51. a6 Rc5+ 52. Kh6 Rxb5 53. a7 Ra5 54. c7 Ra6+ 55. Kh5 Ra5+ 56. Kg4 Ra4+ 57. Kf3 Rxa7 58. c8Q 1-0

[Event "Titled Tuesday intern op 06th Feb Early"]
[Site "Chess.com INT"]
[Date "2024.02.06"]
[Round "1"]
[White "Taher, Yoseph Theolifus"]
[Black "Kopczynski, Michal"]
[Result "1-0"]
[WhiteElo "2445"]
[BlackElo "2225"]
[PlyCount "81"]
[EventDate "2024.02.06"]
[EventType "swiss (blitz)"]
[EventRounds "11"]
[EventCountry "USA"]
[SourceTitle "CB07_2024"]
[SourceDate "2024.02.14"]
[SourceVersion "1"]
[SourceVersionDate "2024.02.14"]
[SourceQuality "1"]

1. d4 Nf6 2. Nc3 d5 3. Bf4 g6 4. e3 Bg7 5. h4 0-0 6. h5 Nxh5 7. Rxh5 gxh5 8. Qxh5 f5 9. Nf3 Qe8 10. Qxe8 Rxe8 11. Nxd5 e5 12. dxe5 Bd7 13. Nxc7 Nc6 14. Bc4+ Kf8 15. Nxa8 Rxa8 16. 0-0-0 Ke8 17. Rh1 Rc8 18. Rxh7 Kf8 19. Bh6 Bxh6 20. Rxd7 Nb4 21. Bb3 a5 22. Rxb7 Nd3+ 23. Kd2 Nxf2 24. Rf7+ Ke8 25. Rh7 Ne4+ 26. Ke2 Bf8 27. Nd4 Ng5 28. Ra7 Bc5 29. Rxa5 Bxd4 30. exd4 Rc7 31. c3 Ne4 32. Ra8+ Ke7 33. Rh8 Rd7 34. Rh7+ Kd8 35. Rxd7+ Kxd7 36. Bc2 Ng3+ 37. Kf3 Nf1 38. Bxf5+ Kc6 39. Kf2 Nd2 40. Bd3 Kd5 41. Ke2 1-0

[Event "Titled Tuesday intern op 06th Feb Early"]
[Site "Chess.com INT"]
[Date "2024.02.06"]
[Round "4"]
[White "Tologontegin, Semetey"]
[Black "Taher, Yoseph Theolifus"]
[Result "0-1"]
[WhiteElo "2369"]
[BlackElo "2445"]
[PlyCount "92"]
[EventDate "2024.02.06"]
[EventType "swiss (blitz)"]
[EventRounds "11"]
[EventCountry "USA"]
[SourceTitle "CB07_2024"]
[SourceDate "2024.02.14"]
[SourceVersion "1"]
[SourceVersionDate "2024.02.14"]
[SourceQuality "1"]

1. Nf3 c5 2. g3 g6 3. Bg2 Bg7 4. 0-0 Nc6 5. e4 d6 6. c3 Nf6 7. Re1 0-0 8. d4 cxd4 9. cxd4 Bg4 10. h3 Bxf3 11. Bxf3 Nd7 12. d5 Nd4 13. Bg2 Qb6 14. Nc3 Rac8 15. Be3 Qxb2 16. Bxd4 Bxd4 17. Qxd4 Qxc3 18. Qxa7 Nc5 19. Rac1 Qf6 20. Re2 h5 21. h4 Nd3 22. Rxc8 Rxc8 23. Qxb7 Rc1+ 24. Kh2 Ne5 25. Qb2 Rd1 26. a4 Nf3+ 27. Kh3 Ng1+ 28. Kh2 Nxe2 29. Qxe2 Rb1 30. f4 Rb2 31. Qc4 Rd2 32. Kh3 Qb2 33. Qf1 Qa2 34. f5 Qxa4 35. fxg6 fxg6 36. Qf4 Qd1 37. Qg5 Qg4+ 38. Qxg4 hxg4+ 39. Kh2 Kg7 40. Kg1 Kf6 41. Kf1 Ke5 42. Bh1 Rd1+ 43. Kg2 Kxe4 44. Kh2+ Rxh1+ 45. Kxh1 Kxd5 46. h5 gxh5 0-1

[Event "Titled Tuesday intern op 24th Oct Late"]
[Site "Chess.com INT"]
[Date "2023.10.24"]
[Round "5"]
[White "Reprintsev, Alexander"]
[Black "Taher, Yoseph Theolifus"]
[Result "0-1"]
[WhiteElo "2227"]
[BlackElo "2445"]
[PlyCount "38"]
[EventDate "2023.10.24"]
[EventType "swiss (blitz)"]
[EventRounds "11"]
[EventCountry "USA"]
[SourceTitle "Mega2024 Update 01"]
[Source "Chessbase"]
[SourceDate "2023.11.12"]
[SourceVersion "1"]
[SourceVersionDate "2023.11.12"]
[SourceQuality "1"]

1. e4 c5 2. Nf3 g6 3. d4 cxd4 4. Qxd4 Nf6 5. Bb5 a6 6. Ba4 b5 7. Bb3 Nc6 8. Qe3 d6 9. a4 b4 10. a5 Bg7 11. Ba4 Bd7 12. Nd4 Nxd4 13. Qxd4 Rb8 14. 0-0 0-0 15. Rd1 Qxa5 16. Ra2 Bxa4 17. b3 Qh5 18. Rxa4 Nxe4 19. Qd3 Nc5 0-1

[Event "Titled Tuesday intern op 19th Sep Early"]
[Site "Chess.com INT"]
[Date "2023.09.19"]
[Round "10"]
[White "Paravyan, David"]
[Black "Taher, Yoseph Theolifus"]
[Result "1-0"]
[WhiteElo "2599"]
[BlackElo "2445"]
[PlyCount "61"]
[EventDate "2023.09.19"]
[EventType "swiss (blitz)"]
[EventRounds "11"]
[EventCountry "USA"]
[SourceTitle "EXT 2024"]
[Source "ChessBase"]
[SourceDate "2023.10.10"]
[SourceVersion "1"]
[SourceVersionDate "2023.10.10"]
[SourceQuality "1"]

1. e4 c5 2. Nf3 e6 3. d4 cxd4 4. Nxd4 Nf6 5. Nc3 Nc6 6. Nxc6 bxc6 7. e5 Nd5 8. Ne4 Qc7 9. f4 Qb6 10. c4 Bb4+ 11. Ke2 f5 12. exf6 Nxf6 13. Be3 Qa5 14. Nxf6+ gxf6 15. Kf2 Be7 16. c5 h5 17. Qc2 Kf7 18. a3 Qc7 19. Be2 a5 20. Rad1 Ba6 21. Bxa6 Rxa6 22. Rd3 Ra7 23. Rhd1 Qc8 24. f5 e5 25. Qc4+ Ke8 26. b4 axb4 27. axb4 Rb7 28. Ra1 Kf8 29. Bd2 Qe8 30. Rg3 Qb8 31. Bh6+ 1-0

[Event "Titled Tuesday intern op 19th Sep Early"]
[Site "Chess.com INT"]
[Date "2023.09.19"]
[Round "7"]
[White "Taher, Yoseph Theolifus"]
[Black "Kamsky, Gata"]
[Result "0-1"]
[WhiteElo "2445"]
[BlackElo "2641"]
[PlyCount "134"]
[EventDate "2023.09.19"]
[EventType "swiss (blitz)"]
[EventRounds "11"]
[EventCountry "USA"]
[SourceTitle "EXT 2024"]
[Source "ChessBase"]
[SourceDate "2023.10.10"]
[SourceVersion "1"]
[SourceVersionDate "2023.10.10"]
[SourceQuality "1"]

1. d4 f5 2. Nc3 e6 3. e4 Bb4 4. Bd3 fxe4 5. Bxe4 Nf6 6. Bd3 b6 7. Qf3 Nc6 8. Nge2 0-0 9. Qh3 d5 10. Qh4 e5 11. Bg5 e4 12. Bb5 Ne7 13. Ba4 c6 14. f3 exf3 15. gxf3 a5 16. a3 Bd6 17. Bb3 Nf5 18. Qf2 h6 19. Bd2 b5 20. Rg1 Kh7 21. Ng3 Qe7+ 22. Nce2 Nxg3 23. hxg3 Ng4 24. Qg2 Ne3 25. Qf2 Nc4 26. Bxc4 bxc4 27. Bc3 Bg4 28. f4 Rfe8 29. Rg2 Qe4 30. Kd2 Re7 31. Rh2 Rae8 32. Ng1 a4 33. Rf1 Qe3+ 34. Qxe3 Rxe3 35. Rg2 g6 36. Rff2 Re1 37. Ne2 Rb1 38. Bb4 Bxb4+ 39. axb4 Rxb2 40. Nc3 a3 41. Rf1 Bf5 42. Kc1 Rxb4 43. g4 Be4 44. Rgf2 Ra8 45. Kd2 a2 46. Ra1 Rb2 47. Kc1 Rb7 48. Rxa2 Rxa2 49. Nxa2 h5 50. Rh2 Kh6 51. Nc3 Bf3 52. g5+ Kg7 53. Kd2 Re7 54. Na4 Re4 55. Nc5 Re7 56. c3 Kf7 57. Rf2 Bg4 58. Rh2 Ra7 59. Ke3 Ra3 60. Rc2 Bf5 61. Rc1 h4 62. Nb7 Ke7 63. Nc5 h3 64. Kf3 h2 65. Kg3 Rxc3+ 66. Rxc3 h1Q 67. Re3+ Kd8 0-1

[Event "Titled Tuesday intern op 19th Sep Early"]
[Site "Chess.com INT"]
[Date "2023.09.19"]
[Round "11"]
[White "Taher, Yoseph Theolifus"]
[Black "Ovetchkin, Roman"]
[Result "1-0"]
[WhiteElo "2445"]
[BlackElo "2518"]
[PlyCount "73"]
[EventDate "2023.09.19"]
[EventType "swiss (blitz)"]
[EventRounds "11"]
[EventCountry "USA"]
[SourceTitle "EXT 2024"]
[Source "ChessBase"]
[SourceDate "2023.10.10"]
[SourceVersion "1"]
[SourceVersionDate "2023.10.10"]
[SourceQuality "1"]

1. d4 Nf6 2. Nc3 d5 3. Bf4 Bf5 4. e3 e6 5. Nf3 Nbd7 6. Ne5 Nxe5 7. dxe5 Nd7 8. g4 Bg6 9. h4 h5 10. Bd3 Bxd3 11. cxd3 d4 12. exd4 Nb6 13. Be3 hxg4 14. Qxg4 Nd5 15. h5 Qd7 16. Ke2 0-0-0 17. Rac1 Kb8 18. a3 Rh7 19. Qf3 c6 20. Qe4 Rh8 21. Rcg1 f5 22. exf6 gxf6 23. Nxd5 cxd5 24. Qf4+ Bd6 25. Qxf6 Rhf8 26. Qg6 Qb5 27. Rb1 Rc8 28. h6 Rc2+ 29. Kf1 Bf4 30. h7 Bxe3 31. Qg3+ Kc8 32. Qxe3 Rcxf2+ 33. Ke1 Qa5+ 34. b4 Qxa3 35. Qxf2 Rxf2 36. h8Q+ Kc7 37. Kxf2 1-0

[Event "Asia zt 3.3"]
[Site "Jakarta"]
[Date "2023.05.10"]
[Round "7"]
[White "Taher, Yoseph Theolifus"]
[Black "Tran, Tuan Minh"]
[Result "1-0"]
[WhiteElo "2439"]
[BlackElo "2503"]
[PlyCount "79"]
[EventDate "2023.05.06"]
[EventType "swiss"]
[EventRounds "9"]
[EventCountry "INA"]
[SourceTitle "CBM 214 Extra"]
[Source "ChessBase"]
[SourceDate "2023.07.31"]
[SourceVersion "1"]
[SourceVersionDate "2023.07.31"]
[SourceQuality "1"]

1. e4 c5 2. Nf3 d6 3. d4 cxd4 4. Qxd4 a6 5. Be2 Nc6 6. Qe3 g6 7. 0-0 Bg7 8. Rd1 Nf6 9. h3 0-0 10. c4 Nb4 11. Qd2 a5 12. Nc3 Bd7 13. Nd4 Bc6 14. a3 Na6 15. Qc2 Nd7 16. Be3 Ndc5 17. Rab1 Bxd4 18. Bxd4 a4 19. e5 Nb3 20. Be3 Nac5 21. exd6 exd6 22. Nd5 Qh4 23. Bf3 f5 24. g3 Qd8 25. Re1 Rf7 26. Rbd1 Qf8 27. Bg5 Re8 28. Rxe8 Qxe8 29. Nf6+ Rxf6 30. Bxc6 Qxc6 31. Bxf6 Ne4 32. Qe2 d5 33. Bd4 Qxc4 34. Qxc4 dxc4 35. Bc3 Nbc5 36. Rd4 b5 37. Rd5 Nd3 38. Rxb5 Ndxf2 39. Ra5 Nxh3+ 40. Kg2 1-0

[Event "ASEAN-ch"]
[Site "Quezon City"]
[Date "2023.02.17"]
[Round "10"]
[White "Laohawirapap, Prin"]
[Black "Taher, Yoseph Theolifus"]
[Result "0-1"]
[WhiteElo "2316"]
[BlackElo "2452"]
[PlyCount "102"]
[EventDate "2023.02.11"]
[EventType "tourn"]
[EventRounds "11"]
[EventCountry "PHI"]
[EventCategory "6"]
[SourceTitle "CBM 212 Extra"]
[Source "ChessBase"]
[SourceDate "2023.03.31"]
[SourceVersion "1"]
[SourceVersionDate "2023.03.31"]
[SourceQuality "1"]

1. e4 e6 2. d4 d5 3. Nc3 Bb4 4. Nge2 dxe4 5. a3 Bxc3+ 6. Nxc3 Nc6 7. Bb5 Nge7 8. Bg5 f6 9. Be3 0-0 10. Qd2 f5 11. f3 Nd5 12. Bxc6 bxc6 13. fxe4 Nxc3 14. Qxc3 fxe4 15. 0-0-0 Qd5 16. b3 Ba6 17. Rhe1 Rf5 18. g3 Rf3 19. Qb4 e5 20. Qe7 Qd6 21. Qxd6 cxd6 22. dxe5 d5 23. Rd4 Bc8 24. Ra4 a6 25. Rb4 Kf7 26. Rb6 Bd7 27. c4 dxc4 28. bxc4 Ke6 29. Bf4 g5 30. Bxg5 Kxe5 31. Bf4+ Kd4 32. Rd1+ Rd3 33. c5 Rxd1+ 34. Kxd1 Kxc5 35. Rb7 Bg4+ 36. Kc2 Bf5 37. Kc3 Rd8 38. Be3+ Kd6 39. g4 Bxg4 40. Rxh7 Ke5 41. Re7+ Be6 42. Bf2 Rd3+ 43. Kc2 Rxa3 44. Bg3+ Kd5 45. Rg7 e3 46. h4 Bf5+ 47. Kb2 Rd3 48. Re7 Be6 49. Kc2 Rd2+ 50. Kc3 Rg2 51. Be1 Rg1 0-1

[Event "Olympiad-44"]
[Site "Chennai"]
[Date "2022.08.07"]
[Round "9.3"]
[White "Taher, Yoseph Theolifus"]
[Black "Hammer, Jon Ludvig"]
[Result "1/2-1/2"]
[WhiteElo "2463"]
[BlackElo "2638"]
[PlyCount "61"]
[EventDate "2022.07.29"]
[EventType "team-swiss"]
[EventRounds "11"]
[EventCountry "IND"]
[SourceTitle "CBM 210"]
[Source "ChessBase"]
[SourceDate "2022.10.31"]
[SourceVersion "1"]
[SourceVersionDate "2022.10.31"]
[SourceQuality "1"]
[WhiteTeam "Indonesia"]
[BlackTeam "Norway"]
[WhiteTeamCountry "INA"]
[BlackTeamCountry "NOR"]

1. e4 e5 2. Nf3 Nc6 3. Bb5 Nf6 4. 0-0 Nxe4 5. d4 Nd6 6. Bxc6 dxc6 7. dxe5 Nf5 8. Qxd8+ Kxd8 9. Rd1+ Ke8 10. Nc3 Ne7 11. h3 h6 12. b3 Ng6 13. Bb2 Nf4 14. Rd4 Ne6 15. Rd2 Bb4 16. Rad1 c5 17. a3 Bxc3 18. Bxc3 b6 19. Nh4 Bb7 20. f4 Nxf4 21. e6 Nxe6 22. Nf5 Rg8 23. Rd7 Bc6 24. Re7+ Kf8 25. Be5 g6 26. Rxe6 fxe6 27. Nxh6 Ke7 28. Nxg8+ Rxg8 29. Bxc7 Rh8 30. Bd6+ Ke8 31. Bb8 1/2-1/2

[Event "Olympiad-44"]
[Site "Chennai"]
[Date "2022.08.05"]
[Round "7.3"]
[White "Hracek, Zbynek"]
[Black "Taher, Yoseph Theolifus"]
[Result "1-0"]
[WhiteElo "2555"]
[BlackElo "2463"]
[PlyCount "85"]
[EventDate "2022.07.29"]
[EventType "team-swiss"]
[EventRounds "11"]
[EventCountry "IND"]
[SourceTitle "CBM 210"]
[Source "ChessBase"]
[SourceDate "2022.10.31"]
[SourceVersion "1"]
[SourceVersionDate "2022.10.31"]
[SourceQuality "1"]
[WhiteTeam "Czech Republic"]
[BlackTeam "Indonesia"]
[WhiteTeamCountry "CZE"]
[BlackTeamCountry "INA"]

1. e4 c6 2. d4 d5 3. e5 Bf5 4. c4 e6 5. Nc3 Nd7 6. cxd5 cxd5 7. Bd3 Bg6 8. h4 Bxd3 9. Qxd3 h5 10. Nf3 a6 11. 0-0 Be7 12. g3 g6 13. Ne2 Kf8 14. Bg5 Kg7 15. Rac1 Nb8 16. b4 Nc6 17. a3 Qd7 18. Rc3 Bxg5 19. Nxg5 Nge7 20. Rfc1 Rac8 21. Kg2 Nb8 22. Nf4 Rxc3 23. Rxc3 Nbc6 24. f3 Nf5 25. Ne2 Qe7 26. Qd2 Rh6 27. Qc1 Rh8 28. Rc5 Qd7 29. g4 Nfe7 30. Qf4 Ng8 31. Kg3 hxg4 32. fxg4 f6 33. Nf3 Qe7 34. a4 fxe5 35. dxe5 a5 36. Ned4 axb4 37. Ng5 Nh6 38. Nxc6 bxc6 39. Rxc6 Re8 40. Rxe6 Qd8 41. Rxe8 Qxe8 42. Qf6+ Kg8 43. Ne6 1-0

[Event "Olympiad-44"]
[Site "Chennai"]
[Date "2022.07.31"]
[Round "3.3"]
[White "Parligras, Mircea Emilian"]
[Black "Taher, Yoseph Theolifus"]
[Result "1-0"]
[WhiteElo "2576"]
[BlackElo "2463"]
[PlyCount "71"]
[EventDate "2022.07.29"]
[EventType "team-swiss"]
[EventRounds "11"]
[EventCountry "IND"]
[SourceTitle "CBM 210"]
[Source "ChessBase"]
[SourceDate "2022.10.31"]
[SourceVersion "1"]
[SourceVersionDate "2022.10.31"]
[SourceQuality "1"]
[WhiteTeam "Romania"]
[BlackTeam "Indonesia"]
[WhiteTeamCountry "ROU"]
[BlackTeamCountry "INA"]

1. d4 d5 2. c4 dxc4 3. e3 Nf6 4. Bxc4 e6 5. Nf3 c5 6. 0-0 a6 7. Nc3 b5 8. Be2 Bb7 9. dxc5 Qxd1 10. Rxd1 Bxc5 11. Nd2 Be7 12. Nb3 Nc6 13. f3 0-0 14. e4 Rfd8 15. Be3 Rxd1+ 16. Rxd1 Rd8 17. Rxd8+ Bxd8 18. Nc5 Bc8 19. a4 b4 20. Nb1 Nb8 21. Nd2 Nfd7 22. Nc4 e5 23. Nd3 Nc6 24. Nd6 Nb6 25. Kf1 Bc7 26. Bxb6 Bxd6 27. Nc5 Nb8 28. Bc4 a5 29. Ke2 Kf8 30. Bb5 Ke7 31. Kd3 f5 32. Kc4 fxe4 33. fxe4 Bg4 34. Bxa5 Be2+ 35. Kd5 Bh5 36. Bd8+ 1-0